| 000 | 00653nam a2200193 4500 | ||
|---|---|---|---|
| 001 | 127880 | ||
| 003 | ES-MaACL | ||
| 005 | 20230906193117.0 | ||
| 007 | t| | ||
| 008 | 070214s1908 sp r ||||1| spa d | ||
| 100 | 0 |
_aSánchez de Rivera y Mosét, Daniel. _9102596 |
|
| 245 | 1 | 3 |
_aEl cólera y los medios de evitarlo / _cS. Rivera y Moset. |
| 260 |
_aMadrid : _b[s. n.], _c1908 ( _fImp. El trabajo) |
||
| 300 |
_a16 p. ; _c15 cm. |
||
| 500 | _aPrecede al tít.: Universidad Popular de Madrid. | ||
| 650 |
_aCólera- _xPrevención. _9139264 |
||
| 710 | 2 |
_aUniversidad Popular de Madrid. _97455 |
|
| 852 |
_aES-MaACL _jT-1145-F-1 _z.- Ded. mas. del autor |
||
| 999 |
_c127880 _d127880 |
||